[Event "27th Fajr Cup Masters 2019"]
[Site "Tehran"]
[Date "2019.02.05"]
[Round "1.9"]
[White "Mosadeghpour, Masoud"]
[Black "Nalbandyan, Vahan"]
[Result "1-0"]
[WhiteElo "2531"]
[BlackElo "2149"]
[Annotator "TA"]
[PlyCount "109"]
[EventDate "2019.02.05"]
[EventType "swiss"]
[EventCountry "IRI"]
[SourceTitle "playchess.com"]
[Source "ChessBase"]
[SourceQuality "1"]

{[%evp 17,109,45,44,27,39,33,37,0,0,0,27,0,37,41,36,48,60,62,75,78,91,96,95,67,73,71,70,18,39,44,48,39,103,96,86,82,78,75,62,35,250,288,298,296,296,293,281,288,288,287,289,289,218,216,395,369,571,542,717,720,699,696,749,724,920,883,1123,1218,29968,29969,29972,29973,29973,29974,29973,29976,29973,29973,29978,29976,29976,29977,29977,29978,29978,29979,29979,29980,29980,29980,29983,29984,29990,29990]} 1. e4 d6 2. d4 Nf6 3. Nc3 Nbd7 (3... e5 4. Nf3 {½-½ (22) Areshchenko,A (2677)-Baklan,V (2594) Chartres 2017}) 4. Nf3 e5 5. Bc4 Be7 6. O-O (6. a4 O-O {½-½ (22) Areshchenko,A (2677)-Baklan,V (2594) Chartres 2017}) 6... O-O $146 ({Predecessor:} 6... h6 7. h3 O-O 8. a4 c6 9. Ba2 Qc7 {1-0 (19) Rokos,F (1882)-Nespor,I (1755) Litomysl 2018}) 7. a4 c6 8. h3 (8. Re1 Qc7 {½-½ (22) Areshchenko,A (2677)-Baklan,V (2594) Chartres 2017}) 8... Qc7 9. Re1 h6 10. Ba2 {C41: Philidor Defence} Rd8 (10... Re8 11. Be3 Nf8 12. Qd3 Be6 13. d5 cxd5 14. Nxd5 Bxd5 15. Bxd5 Nxd5 16. Qxd5 Qc6 17. c4 Rec8 18. Rec1 Nd7 19. Nd2 Bg5 20. Bxg5 hxg5 21. Qd3 a5 22. Qg3 {½-½ (22) Areshchenko,A (2677)-Baklan,V (2594) Chartres 2017}) 11. Be3 ({Predecessor:} 11. Nh4 Nf8 {1-0 (19) Rokos,F (1882)-Nespor,I (1755) Litomysl 2018}) 11... Nf8 12. Nh4 {White is slightly better.} Ng4 ({Predecessor:} 12... Nxe4 13. Nxe4 Bxh4 14. Qh5 Ng6 15. Qxg6 d5 16. Qh5 dxe4 17. Qxh4 exd4 18. Bf4 Qb6 19. a5 {1-0 (19) Rokos,F (1882)-Nespor,I (1755) Litomysl 2018}) 13. hxg4 Bxh4 14. g3 Bf6 {White should prevent ...exd4.} 15. d5 $1 $36 {[%mdl 2048] White is pushing.} Qd7 16. f3 c5 17. Bc4 a6 18. a5 Re8 19. Qd2 Bd8 20. Na4 h5 21. gxh5 Qh3 22. Qf2 (22. Qh2 $14) 22... Bxa5 23. b4 Bxb4 24. Reb1 {aiming for Nb6.} Ba5 ({Black should play} 24... b5 $14) 25. Nxc5 $16 Bc3 26. Ra3 Bd4 27. Nxb7 Rb8 28. Bxa6 Nd7 $2 (28... Qxh5 $14 29. Bxd4 exd4) 29. g4 $18 (29. Bxd4 $6 exd4 30. Rab3 Bxb7 $16) 29... Nc5 {Hoping for ...Bxe3.} 30. Bf1 (30. Bxd4 Nxa6 31. Bb6 (31. Rxa6 exd4 32. Rab6 Bxb7 $16) 31... Bxb7 $16) 30... Nxe4 31. Bxh3 ({Not} 31. Bxd4 Nxf2 32. Bxf2 Qxf1+ $1 {[%mdl 512]} 33. Rxf1 Rxb7 $16) 31... Nxf2 32. Kxf2 ({Don't do} 32. Bxf2 $6 Rxb7 33. Rxb7 Bxb7 $18) 32... Rxb7 33. Rxb7 Bxb7 {[#]} 34. c4 $1 Bxe3+ 35. Kxe3 {[%mdl 4096] Endgame KRB-KRB} f6 $2 (35... Bc8 36. Ra5 Kf8) 36. Ra7 Rb8 (36... Bc8 {was called for.} 37. Bf1 e4) 37. Bf1 Kh7 38. Bd3+ Kh6 39. Ra5 Rc8 40. Rb5 Ba6 41. Rb6 Bxc4 42. Rc6 Rxc6 43. dxc6 {KB-KB. White mates.} Be6 44. c7 Bc8 45. Bf5 Bb7 46. c8=Q Bxc8 47. Bxc8 {KB-KP} d5 48. Be6 d4+ 49. Ke4 Kg5 50. Bf5 Kh4 51. f4 d3 52. Kf3 d2 {[#]} 53. Bc2 $1 {[%cal Rc2d1]} f5 54. gxf5 exf4 55. f6 {Accuracy: White = 73%, Black = 38%.} 1-0

[Event "27th Fajr Cup Masters 2019"]
[Site "Tehran"]
[Date "2019.02.06"]
[Round "2.1"]
[White "Akbari Gelvardi, Mohammad"]
[Black "Kuzubov, Yuriy"]
[Result "0-1"]
[WhiteElo "2289"]
[BlackElo "2650"]
[Annotator "ChessBase"]
[PlyCount "158"]
[EventDate "2019.02.05"]
[EventType "swiss"]
[EventCountry "IRI"]
[SourceTitle "playchess.com"]
[Source "ChessBase"]
[SourceQuality "1"]
[TimeControl "5400+30"]

1. e4 {[%emt 0:00:43]} c6 {[%emt 0:00:00]} 2. d4 {[%emt 0:00:55]} d5 {[%emt 0:00:00]} 3. Nc3 {[%emt 0:00:58]} dxe4 {[%emt 0:00:00]} 4. Nxe4 {[%emt 0:00:35]} Nf6 {[%emt 0:00:00]} 5. Ng3 {[%emt 0:03:14]} Bg4 {[%emt 0:01:39]} 6. Be2 {[%emt 0:01:57]} Bxe2 {[%emt 0:00:21]} 7. N1xe2 {[%emt 0:01:47]} e6 {[%emt 0:00:06]} 8. O-O {[%emt 0:00:35]} Be7 {[%emt 0:00:05]} 9. c4 {[%emt 0:03:12]} O-O {[%emt 0:03:08]} 10. Be3 {[%emt 0:10:01]} Nbd7 {[%emt 0:02:06]} 11. Nc3 {[%emt 0:05:49]} Qa5 {[%emt 0:03:45]} 12. Qe2 {[%emt 0:04:33]} Rfe8 {[%emt 0:05:04]} 13. Rfd1 {[%emt 0:01:40]} Bb4 {[%emt 0:17:44]} 14. Nce4 {[%emt 0:15:30]} Bf8 {[%emt 0:01:44]} 15. a3 {[%emt 0:02:37]} Nxe4 16. Nxe4 {[%emt 0:00:04]} Qf5 {[%emt 0:10:15]} 17. Ng3 {[%emt 0:04:31]} Qg6 {[%emt 0:03:13]} 18. Bf4 {[%emt 0:05:39]} a5 {[%emt 0:07:26]} 19. Rac1 {[%emt 0:00:48]} a4 {[%emt 0:04:21]} 20. Rc3 {[%emt 0:07:08]} c5 {[%emt 0:09:33]} 21. Nh5 {[%emt 0:06:17]} cxd4 {[%emt 0:05:31]} 22. Rg3 {[%emt 0:00:53]} e5 {[%emt 0:00:20]} 23. Rxg6 {[%emt 0:01:25]} hxg6 {[%emt 0:00:05]} 24. Qg4 {[%emt 0:04:19]} Rad8 {[%emt 0:13:59]} 25. Bg5 {[%emt 0:07:04]} gxh5 {[%emt 0:00:06]} 26. Qxh5 {[%emt 0:00:06]} f6 {[%emt 0:01:35]} 27. Bd2 {[%emt 0:00:05]} Nc5 {[%emt 0:01:12]} 28. Bb4 {[%emt 0:00:57]} Ne6 {[%emt 0:00:20]} 29. Qf5 {[%emt 0:01:29]} b6 {[%emt 0:02:10]} 30. Bxf8 {[%emt 0:01:05]} Kxf8 {[%emt 0:00:23]} 31. h4 {[%emt 0:00:17]} Rd6 {[%emt 0:02:08]} 32. h5 {[%emt 0:01:04]} Ng5 {[%emt 0:02:32]} 33. f4 {[%emt 0:04:49]} Nf7 {[%emt 0:00:18]} 34. fxe5 {[%emt 0:00:36]} Nxe5 {[%emt 0:00:10]} 35. h6 {[%emt 0:01:01]} gxh6 {[%emt 0:00:53]} 36. Qf4 {[%emt 0:00:05]} d3 {[%emt 0:00:32]} 37. Qxh6+ {[%emt 0:00:30]} Kg8 {[%emt 0:00:47]} 38. Qf4 {[%emt 0:03:14]} Red8 {[%emt 0:00:33]} 39. Rd2 {[%emt 0:00:23]} Kf7 {[%emt 0:00:41]} 40. Qh4 {[%emt 0:00:56]} Rg8 {[%emt 0:01:38]} 41. Qh5+ {[%emt 0:00:26]} Ke6 {[%emt 0:00:24]} 42. Qh3+ {[%emt 0:00:43]} Rg4 {[%emt 0:00:19]} 43. Kf2 {[%emt 0:00:58]} Kd7 {[%emt 0:01:01]} 44. Qh7+ {[%emt 0:00:28]} Kc6 {[%emt 0:00:12]} 45. Qf5 {[%emt 0:00:22]} Kb7 {[%emt 0:00:36]} 46. Qh7+ {[%emt 0:00:36]} Rd7 {[%emt 0:00:18]} 47. Qf5 {[%emt 0:00:16]} Rxc4 {[%emt 0:00:07]} 48. Kg1 {[%emt 0:00:07]} Rdd4 {[%emt 0:02:46]} 49. g3 {[%emt 0:00:51]} Rc6 {[%emt 0:01:06]} 50. Kg2 {[%emt 0:00:03]} Rcd6 {[%emt 0:00:35]} 51. Qh7+ {[%emt 0:00:17]} Rd7 {[%emt 0:00:15]} 52. Qg8 {[%emt 0:00:01]} Rg4 {[%emt 0:01:04]} 53. Qe6 {[%emt 0:00:15]} Rdg7 {[%emt 0:00:15]} 54. Qd5+ {[%emt 0:01:11]} Ka7 {[%emt 0:00:05]} 55. Rd1 {[%emt 0:01:01]} Rxg3+ {[%emt 0:00:06]} 56. Kf2 {[%emt 0:00:01]} Rf3+ {[%emt 0:00:45]} 57. Qxf3 {[%emt 0:00:41]} Nxf3 {[%emt 0:00:04]} 58. Kxf3 {[%emt 0:00:03]} Rd7 {[%emt 0:00:04]} 59. Rd2 {[%emt 0:00:36]} Ka6 {[%emt 0:00:58]} 60. Kf2 {[%emt 0:00:12]} Rc7 {[%emt 0:01:10]} 61. Rxd3 {[%emt 0:01:29]} Rc2+ {[%emt 0:00:03]} 62. Ke1 {[%emt 0:00:13]} Rxb2 {[%emt 0:00:05]} 63. Rf3 {[%emt 0:00:42]} Rb3 {[%emt 0:00:12]} 64. Rxf6 {[%emt 0:00:07]} Rxa3 {[%emt 0:00:04]} 65. Kd2 {[%emt 0:00:08]} Rb3 {[%emt 0:00:29]} 66. Kc2 {[%emt 0:00:08]} Ka5 {[%emt 0:00:05]} 67. Rf4 {[%emt 0:00:11]} b5 {[%emt 0:00:06]} 68. Rh4 {[%emt 0:00:04]} Rb4 {[%emt 0:00:17]} 69. Rh8 {[%emt 0:00:06]} Rg4 {[%emt 0:00:12]} 70. Rh2 {[%emt 0:00:28]} Rg5 {[%emt 0:00:19]} 71. Kb2 {[%emt 0:00:20]} b4 {[%emt 0:00:09]} 72. Ka2 {[%emt 0:00:23]} Kb5 {[%emt 0:00:45]} 73. Rf2 {[%emt 0:00:08]} a3 {[%emt 0:00:23]} 74. Kb3 {[%emt 0:01:38]} Rg3+ {[%emt 0:00:06]} 75. Ka2 {[%emt 0:00:04]} Ka4 {[%emt 0:00:09]} 76. Rf4 {[%emt 0:00:06]} Rc3 {[%emt 0:01:00]} 77. Rh4 {[%emt 0:00:12]} Rc2+ {[%emt 0:00:24]} 78. Kb1 {[%emt 0:00:06]} Rd2 {[%emt 0:00:08]} 79. Kc1 {[%emt 0:01:41]} a2 {[%emt 0:00:13]} 0-1

[Event "27th Fajr Cup Masters 2019"]
[Site "Tehran"]
[Date "2019.02.06"]
[Round "2.2"]
[White "Ponkratov, Pavel"]
[Black "Daneshvar, Bardiya"]
[Result "1-0"]
[WhiteElo "2630"]
[BlackElo "2283"]
[Annotator "RC"]
[PlyCount "110"]
[EventDate "2019.02.05"]
[EventType "swiss"]
[EventCountry "IRI"]
[SourceTitle "playchess.com"]
[Source "ChessBase"]
[SourceQuality "1"]
[TimeControl "5400+30"]

1. e4 {[%emt 0:00:00]} c6 {[%emt 0:00:00]} 2. d4 {[%emt 0:00:00]} d5 {[%emt 0:00:00]} 3. e5 {[%emt 0:00:00]} Bf5 {[%emt 0:00:00]} 4. Nf3 {[%emt 0:00:00]} e6 {[%emt 0:00:00]} 5. Be2 {[%emt 0:00:00]} c5 {[%emt 0:00:00]} 6. O-O {[%emt 0:01:29]} Qb6 {[%emt 0:00:22]} 7. c4 {[%emt 0:00:46]} dxc4 {[%emt 0:06:36]} 8. Na3 {[%emt 0:01:04]} Nc6 {[%emt 0:03:11]} 9. Nxc4 {[%emt 0:00:06]} Qc7 {[%emt 0:00:24]} 10. Be3 {[%emt 0:00:11]} O-O-O {[%emt 0:02:22]} 11. Rc1 {[%emt 0:02:27]} Kb8 {[%emt 0:04:53]} 12. Qd2 {[%emt 0:11:44]} Bg4 {[%emt 0:12:32]} 13. Nd6 {[%emt 0:04:59]} Bxf3 {[%emt 0:03:36]} 14. Bxf3 {[%emt 0:00:13]} Bxd6 {[%emt 0:00:11]} 15. exd6 {[%emt 0:00:55]} Qxd6 {[%emt 0:00:17]} 16. Bxc6 {[%emt 0:16:19]} Qxc6 {[%emt 0:01:36]} 17. Qa5 {[%emt 0:00:20]} Nf6 {[%emt 0:07:05]} 18. Bf4+ {[%emt 0:12:03]} Ka8 {[%emt 0:00:18]} 19. dxc5 {[%emt 0:00:05]} Rd4 {[%emt 0:06:11]} 20. Be5 {[%emt 0:06:10]} Rd5 {[%emt 0:00:21]} 21. Bxf6 {[%emt 0:08:01]} gxf6 {[%emt 0:00:07]} 22. Rfd1 {[%emt 0:00:03]} h5 {[%emt 0:08:05]} 23. Rxd5 Qxd5 {[%emt 0:00:10]} 24. Qc7 {[%emt 0:13:55]} h4 {[%emt 0:03:30]} 25. c6 {[%emt 0:00:55]} bxc6 {[%emt 0:00:17]} 26. Qxc6+ {[%emt 0:00:03]} Qxc6 {[%emt 0:00:23]} 27. Rxc6 {[%emt 0:00:07]} Rd8 {[%emt 0:12:47]} 28. Kf1 {[%emt 0:00:05]} Kb7 {[%emt 0:00:38]} 29. Rc4 {[%emt 0:00:59]} Rd1+ {[%emt 0:01:47]} 30. Ke2 {[%emt 0:00:06]} Rb1 {[%emt 0:00:05]} 31. Rb4+ {[%emt 0:01:25]} Kc6 {[%emt 0:00:07]} 32. Kf3 {[%emt 0:00:26]} f5 {[%emt 0:00:24]} 33. Rxh4 {[%emt 0:01:00]} Rxb2 {[%emt 0:00:05]} 34. Ra4 {[%emt 0:00:03]} Rb7 {[%emt 0:00:45]} 35. h4 {[%emt 0:00:56]} e5 {[%emt 0:01:26]} 36. Ra6+ {[%emt 0:00:36]} Kd5 {[%emt 0:00:12]} 37. h5 {[%emt 0:00:34]} Rb1 {[%emt 0:04:45]} 38. Rf6 {[%emt 0:01:15]} Rh1 {[%emt 0:01:13]} 39. Rxf5 {[%emt 0:00:28]} Ke6 {[%emt 0:00:31]} 40. Kg4 {[%emt 0:01:09]} f6 {[%emt 0:04:35]} 41. Rf3 {[%emt 0:00:12]} e4 {[%emt 0:00:09]} 42. Ra3 {[%emt 0:00:26]} Rh2 {[%emt 0:00:11]} 43. Ra6+ {[%emt 0:00:18]} Kf7 {[%emt 0:00:14]} 44. Rxa7+ {[%emt 0:00:06]} Ke6 {[%emt 0:00:03]} 45. Ra6+ {[%emt 0:00:17]} Ke7 {[%emt 0:00:38]} 46. Kf5 {[%emt 0:03:41]} Rxg2 {[%emt 0:00:19]} 47. h6 {[%emt 0:00:05]} Rxf2+ {[%emt 0:01:13]} 48. Kxe4 {[%emt 0:00:08]} Kf7 {[%emt 0:00:12]} 49. Ra7+ {[%emt 0:01:37]} Kg8 {[%emt 0:04:25]} 50. a4 {[%emt 0:00:05]} Rh2 {[%emt 0:00:23]} 51. h7+ {[%emt 0:08:05]} Kh8 {[%emt 0:00:06]} 52. a5 {[%emt 0:00:05]} Rh5 {[%emt 0:08:46]} 53. Kd4 {[%emt 0:00:17]} Rg5 {[%emt 0:00:49]} 54. Kc4 {[%emt 0:00:31]} f5 {[%emt 0:00:34]} 55. Rf7 {[%emt 0:00:19]} Rg6 {[%emt 0:00:30]} 1-0

[Event "27th Fajr Cup Masters 2019"]
[Site "Tehran"]
[Date "2019.02.06"]
[Round "2.3"]
[White "Cubas Pons, Juan Miguel"]
[Black "Firouzja, Alireza"]
[Result "0-1"]
[WhiteElo "2280"]
[BlackElo "2618"]
[Annotator "TA"]
[PlyCount "62"]
[EventDate "2019.02.05"]
[EventType "swiss"]
[EventCountry "IRI"]
[SourceTitle "playchess.com"]
[Source "ChessBase"]
[SourceQuality "1"]

{[%evp 9,62,-4,7,1,9,0,6,0,0,0,0,-6,2,-16,-7,-17,-27,-29,-23,-50,-9,-19,-19,-19,-14,0,14,10,15,17,6,6,16,-112,-118,-400,-389,-389,-383,-383,-372,-486,-493,-520,-520,-684,-506,-506,-500,-489,-468,-968,-968,-968,-920]} 1. d4 Nf6 2. c4 e6 3. Nc3 Bb4 4. g3 O-O 5. Bg2 d5 6. a3 {E20: Nimzo-Indian: 4 g3 and 4 f3} (6. Nf3 dxc4 7. O-O Nc6 8. Qa4 Nd5 9. Qc2 Be7 10. Rd1 Bd7 11. e4 Ncb4 12. Qd2 Nb6 13. Ne5 Nc6 14. Nxc6 Bxc6 15. Qc2 f5 {1-0 (62) Caruana,F (2822)-So,W (2780) Saint Louis 2018}) 6... Be7 7. cxd5 exd5 8. Nh3 {The position is equal.} c6 9. O-O Re8 10. Nf4 h6 $146 ({Predecessor:} 10... Bd6 11. f3 Bc7 12. b4 h6 13. Kh1 Bf5 {½-½ (60) Gajewski,G (2577)-Lenic,L (2569) Dresden 2008}) 11. f3 c5 12. e3 cxd4 13. exd4 Nc6 14. Qd3 Bf8 (14... b5 $5) 15. Bd2 b6 16. Rfe1 Rxe1+ 17. Bxe1 a5 18. Bf2 Ba6 19. Qf5 {[%cal Rf4d5]} g6 $36 {[%mdl 2048] Black is more active.} 20. Qc2 Bg7 21. Ncxd5 (21. Re1 $11) 21... Nxd5 $17 22. Nxd5 $4 {[%mdl 8192] [#]} (22. Qxc6 $17 {only move.} Nxf4 23. gxf4) 22... Qxd5 23. f4 Nxd4 24. Bxd5 Nxc2 25. Rc1 Rc8 {Black is clearly winning.} 26. Bxb6 Bxb2 {[%mdl 64] [#] Double Attack} 27. Rd1 Nxa3 28. Bxa5 Nc4 29. Bxc4 Bxc4 30. Rd8+ (30. Kf2 $142) 30... Rxd8 $19 31. Bxd8 f5 {Accuracy: White = 27%, Black = 59%.} 0-1

[Event "27th Fajr Cup Masters 2019"]
[Site "Tehran"]
[Date "2019.02.06"]
[Round "2.4"]
[White "Fedorchuk, Sergey A."]
[Black "Naderi, M.sadegh"]
[Result "1/2-1/2"]
[WhiteElo "2604"]
[BlackElo "2242"]
[Annotator "TA"]
[PlyCount "258"]
[EventDate "2019.02.05"]
[EventType "swiss"]
[EventCountry "IRI"]
[SourceTitle "playchess.com"]
[Source "ChessBase"]
[SourceQuality "1"]

{[%evp 19,258,17,55,9,21,0,0,0,0,0,-14,-7,-8,-14,0,-27,-22,-15,19,0,4,-197,-187,-181,-190,-195,-202,-199,-206,-209,-202,-189,-211,-318,-282,-314,-264,-329,-311,-392,-320,-339,-289,-284,-278,-260,-255,-265,-194,-249,-261,-224,-141,-141,-136,-182,-182,-247,-252,-252,-109,-272,-300,-285,-219,-202,-152,-149,-152,-162,-185,-185,-160,-361,-370,-354,-358,-346,-274,-346,-346,-343,-348,-323,-233,-213,-179,-187,0,-222,-77,-116,-35,-215,-141,-166,-29,-23,-22,-23,-19,-12,-31,-112,0,0,0,-141,-95,-74,-74,-74,-74,-189,-29,-173,-103,-110,-124,-112,-77,-63,0,-8,-8,-8,0,0,0,0,0,0,0,0,0,0,0,0,0,0,0,0,12,12,15,15,18,8,8,8,8,0,0,0,26,26,26,27,20,20,36,36,63,63,63,63,63,63,63,63,63,63,63,63,63,63,65,65,63,63,70,70,70,70,70,70,70,70,70,70,70,70,70,70,70,70,70,70,70,70,70,70,70,70,70,70,70,0,70,70,70,0,70,70,70,70,70,70,70,70,70,70,70,70,70,70,70,70,70,70,70,70,70,70,70,70,70,70,73,70,70]} 1. e4 c6 2. d4 d5 3. e5 Bf5 4. Nf3 e6 5. Be2 Ne7 6. O-O Nd7 7. c3 h6 8. Nbd2 {B12: Caro-Kann: Advance Variation} Qc7 (8... g5 9. Ne1 c5 10. Nc2 Nc6 11. Nb3 c4 12. Nd2 Bg6 13. Bh5 Bd3 14. Re1 Bg7 {0-1 (60) Vachier Lagrave,M (2779)-Nakamura,H (2777) chess.com INT 2018}) 9. Nb3 g5 10. Ne1 Bg7 {LiveBook: 4 Games} 11. Bd2 $146 ({Predecessor:} 11. f4 c5 12. Nf3 c4 13. Nbd2 g4 14. Nh4 h5 15. b3 cxb3 16. Nxb3 {1-0 (52) Bulmaga,I (2386)-Foisor,S (2264) Bucharest 2018}) 11... O-O-O 12. Nc2 f6 13. exf6 Bxf6 14. Ne3 Kb8 15. Rc1 e5 16. Nxf5 Nxf5 17. Bg4 Nd6 18. Rc2 Ne4 19. Be3 h5 20. Bxh5 $2 {[#]} (20. Bf3 $11 {and White has nothing to worry.}) 20... Rxh5 $1 $19 {[%mdl 512]} 21. Qxh5 {And now g3 would win.} Rh8 22. Qg4 exd4 {[%csl Gh8][%cal Rc7h2]} 23. Bf4 gxf4 24. cxd4 Ng5 (24... f3 25. g3) 25. Re1 a5 $40 {[%mdl 128] Black is out for blood.} (25... f3 26. g3 $17) 26. a4 (26. Qf5 $142) 26... Ka7 (26... f3 27. g3 $17) 27. Rc3 Qd6 (27... f3 28. g3 $17) 28. Qf5 Bd8 (28... f3 29. g3 $17) 29. Nd2 Nb6 30. b3 Rf8 31. Qg4 Qb4 32. Rd3 {[#]} Ne4 $1 {[%cal Bg5e4,Be4d6,Bd6f5][%mdl 544]} 33. Qd1 (33. Nxe4 Qxe1#) 33... Nd6 34. Nf3 (34. Qg4 $142) 34... Nd7 $1 35. Qd2 Qxd2 36. Nxd2 Nf6 37. Re6 Nf5 38. g3 (38. Kf1 {was worth a try.}) 38... Bb6 39. Nf3 Ne4 (39... fxg3 $19 40. hxg3 Ne4) 40. Kg2 $2 (40. g4 $17 Rg8 41. h3) 40... fxg3 41. fxg3 Nxd4 42. Rxd4 {Threatens to win with Rexe4!} Bxd4 43. Nxd4 {[%mdl 4096] Endgame KRN-KRN} Rf2+ 44. Kg1 Rd2 $1 {[%cal Rd2d4]} 45. Nf5 Ng5 46. Re7 $2 (46. Re3 $17) 46... Nf3+ 47. Kf1 Nxh2+ ({Weaker is} 47... Rxh2 48. Nd6 $17) 48. Ke1 Nf3+ 49. Kf1 Rb2 50. Nd6 Rxb3 51. Kf2 Nd2 52. g4 {Now g5 and White clings on.} Nc4 53. Nf5 {intending g5.} Nd2 54. Nd6 $1 Rb2 (54... Nf3 $19 55. Re3 Rxe3 56. Kxe3 Nh4) 55. Kg3 $17 Nf1+ (55... Rb1 $17 56. g5 Rg1+ 57. Kf4 Rf1+ 58. Kg3 Rg1+ 59. Kf4 Rf1+ 60. Kg3 Rg1+) 56. Kf4 $2 (56. Kf3 $1 $15) 56... d4 {Hoping for ...d3.} 57. Rd7 d3 (57... Ne3 $19 {White must now prevent ...Nd5+.} 58. g5 Nd5+ 59. Ke4 Rb4) 58. Ne4 $11 d2 {aiming for ...Rb1.} 59. g5 Rb1 60. Nf2 $1 Rb4+ 61. Kf3 (61. Ke5 $1 $15 Rb3 62. Kf4) 61... Nh2+ ({But not} 61... Rxa4 $6 62. g6 $11) 62. Kg3 $1 {[%cal Rg3h2]} Nf1+ 63. Kf3 {[#]} Rb3+ $1 ({Much worse is} 63... Rxa4 $6 64. g6 $11) 64. Ke2 Ne3 65. Kxd2 Nc4+ 66. Ke2 (66. Kc2 $17 {was called for.} Rb2+ 67. Kc3 Rxf2 68. Kxc4) 66... Rg3 $2 ({Better is} 66... Rb2+ $19 67. Ke1 Ne5) 67. Rg7 {[#]} (67. Rd4 $11 {and White stays safe.}) 67... Kb6 (67... Nd6 $1 $19 68. Rg8 Nf5) 68. Rg8 $17 Re3+ 69. Kf1 Nd2+ 70. Kg2 Ne4 ({Black should try} 70... Nf3 $15 71. Ng4 Ra3) 71. Re8 Rg3+ 72. Kh2 Rxg5 73. Rxe4 $11 {KRN-KR} Ka6 74. Re6 Rc5 75. Kg3 Rc4 76. Nd3 Rc3 77. Re3 b5 78. Kf3 bxa4 {Strongly threatening ...a3.} 79. Ke2 a3 80. Kd2 Rc4 (80... a2 $5 81. Re1 $8 Ra3 $11) 81. Nc1 Kb5 82. Rxa3 a4 83. Na2 Rh4 84. Nc3+ Ka5 85. Kd3 c5 86. Ra1 Rd4+ 87. Kc2 Rh4 88. Rb1 Rb4 89. Rh1 a3 90. Rh8 Rg4 91. Kb3 Kb6 92. Kxa3 Rc4 93. Rh6+ Kb7 94. Na4 Rc1 95. Kb3 Kc7 96. Nc3 Kd7 97. Kc4 Kc7 98. Rh5 Kb6 99. Rg5 Rh1 100. Rg6+ Kc7 101. Kxc5 Rc1 102. Rg7+ Kc8 103. Kd4 Kd8 104. Nd5 Ke8 105. Ke5 Re1+ 106. Kd6 Kf8 107. Ra7 Rd1 108. Rb7 Ke8 109. Rb3 Kf8 110. Rf3+ Ke8 111. Rf2 Rd4 112. Ke5 Rd1 113. Kd6 Rd4 114. Rf1 Rd2 115. Rf3 Rd1 $1 116. Ke6 Re1+ 117. Ne3 Kd8 118. Kd6 {[%cal Rf3f8]} Ke8 119. Nc4 Rd1+ 120. Ke6 Re1+ 121. Ne5 Kd8 122. Rc3 Re2 123. Rc1 Re4 124. Rh1 Re2 125. Rh7 Re1 126. Rg7 Re2 127. Rg1 Kc7 128. Rc1+ Kd8 129. Kd6 Rd2+ {Precision: White = 59%, Black = 61%.} 1/2-1/2

[Event "27th Fajr Cup Masters 2019"]
[Site "Tehran"]
[Date "2019.02.06"]
[Round "2.5"]
[White "Nadimifar, Adnan"]
[Black "Ter-Sahakyan, Samvel"]
[Result "0-1"]
[WhiteElo "2241"]
[BlackElo "2593"]
[Annotator "TA"]
[PlyCount "94"]
[EventDate "2019.02.05"]
[EventType "swiss"]
[EventCountry "IRI"]
[SourceTitle "playchess.com"]
[Source "ChessBase"]
[SourceQuality "1"]

{[%evp 18,94,20,14,12,12,27,19,21,14,6,16,20,5,14,4,11,17,30,24,15,18,14,0,0,0,8,-29,-20,-47,-33,-80,-87,-102,-89,-127,-126,-88,-107,-139,-90,-84,-38,-50,-48,-37,-39,-378,-385,-377,-351,-460,-470,-447,-447,-665,-642,-1113,-1113,-1104,-1114,-1084,-1062,-1661,-1433,-7080,-10378,-3812,-3205,-29982,-29976,-29976,-29977,-29977,-29978,-29981,-29982,-29982,-29983]} 1. Nf3 d5 2. d4 Nf6 3. c4 e6 4. g3 Bb4+ 5. Bd2 Bd6 (5... Be7 6. Bg2 O-O 7. O-O c6 8. Qc2 Nbd7 9. Bf4 b6 10. Rd1 Ba6 11. cxd5 cxd5 12. Ne5 Nxe5 13. dxe5 Ng4 14. Bf3 f5 15. exf6 Nxf6 16. Qa4 Bb7 17. Nd2 Qe8 18. Qxe8 Rfxe8 {½-½ (29) Giri,A (2783)-Ding,L (2813) Wijk aan Zee 2019}) 6. Qc2 {E01: Catalan: Early deviations} Nbd7 7. Bg2 O-O 8. O-O c6 9. Rd1 Ne4 10. Bf4 {LiveBook: 7 Games} Bxf4 11. gxf4 f5 12. Nbd2 Rf6 13. Nf1 $146 Rh6 14. Ng3 Nf8 {[%cal Bd7f8,Bf8g6,Bg6h4][%mdl 32]} 15. e3 Ng6 16. b4 Nh4 17. Ne5 Bd7 18. f3 Nd6 19. c5 Nf7 20. a4 (20. Nd3 {looks sharper.} b6 21. a4 Bc8 22. Rd2 Qe8 23. Rb1) 20... Nxe5 21. dxe5 Kh8 22. Rab1 Qe7 23. Rd2 Rg8 24. Rf1 Be8 25. Qc3 {[#]} g5 $1 {[%cal Rg5f4]} 26. fxg5 Qxg5 27. f4 Qg7 {Strongly threatening ...Rg6.} 28. Qc1 Rg6 {White must now prevent ...Rxg3.} 29. Qe1 Qh6 30. a5 a6 31. Qf2 R6g7 32. Bf3 $2 {[%mdl 8192]} ({Better is} 32. Bh1 $15) 32... Nxf3+ $19 33. Qxf3 Qh4 34. Rg2 {[#]} Bh5 $1 {[%cal Rh5f3][%mdl 512]} 35. Qf2 (35. Qxh5 Qxh5) 35... Bg4 36. Ne4 (36. Nh1 $142 Bh3 37. Rxg7 Rxg7+ 38. Ng3 Bxf1 39. Kxf1) 36... Qxf2+ 37. Nxf2 Be2 38. Rg3 Rxg3+ 39. hxg3 Bxf1 40. Kxf1 Rxg3 {[%mdl 4096] Endgame KR-KN} 41. Nd1 h5 {[%cal Bh7h5,Bh5h4,Bh4h3][%mdl 32]} 42. Kf2 h4 43. Nc3 Kh7 {Black mates.} 44. Ne2 Rg8 45. Ng1 Kh6 46. Nf3 h3 47. Ng5 Rxg5 {Precision: White = 42%, Black = 73%.} 0-1